Тарасові шляхи 2012 (Запис № 460884)

МАРК-запис
000 -Лідер
fixed length control field 02848 a2200229 4500
003 - Ідентифікатор контрольного номера
control field UA-OsUOA
005 - Дата та час останнього входження (трансакції)
control field 20200909154510.0
008 - Елементи даних фіксованої довжини – загальна інформація
fixed length control field 200807b un ||||| |||| 00| 0 ukr d
040 ## - Джерело каталогізації
Агенція оригінальної каталогізації UA-OsUOA
Мова каталогізації ukr
Агенція, яка здійснювала перезапис UA-OsUOA
Агенція, яка здійснювала модифікацію UA-OsUOA
041 ## - Код мови
Код мови тексту/ звукової доріжки чи окремого заголовка (П) ukr
080 ## - Індекс Універсальної десяткової класифікації
Індекс Універсальної десяткової класифікації (УДК) (НП) 821.161.2
090 ## - Локальний шифр розміщення
Класифікаційний індекс УДК 821.161.2
Авторський знак (НП) Т19
245 ## - Відомості про назву
Назва (НП) Тарасові шляхи 2012
Дані про відповідальність (НП) відп. за друк Я. Б. Шпак
260 ## - Публікація, розповсюдження і т.п. (Вихідні дані)
Ім’я/ наймення видавництва, розповсюджувача і т.п. (П) ФОП Велівченко В. О.
Дата публікації, розповсюдження і т.п. (П) 2012
Місце публікації, розповсюдження і т.п. (П) Черкаси
300 ## - Фізичний опис
Обсяг 200 с.
520 ## - Резюме і т.п.
Резюме, реферат, анотація, тощо (НП) У цій збірці розміщені твори молодих Черкащан - учасників обласного конкурсу юних поетів "Тарасовими шляхами". Головною метою Конкурсу стало виявлення та розкриття літературних здібностей і обдарувань підростаючого покоління, підтримка популяризації його творчості спадщини й утвердження духовних заповідей, як важливого чинника консолідації суспільства, активізації виховної роботи. <br/>Кожен охочий із будь-якого куточку Черкащини мав нагоду взяти участь у цьому конкурсі, подавши свої творчі доробки у відділ сім'ї та молоді, вшанування пам'яті Т. Г. Шевченка, популяризації його творчої спадщини й утвердження духовних заповідей, як важливого чинника консолідації суспільства, активізації виховної роботи. <br/>Кожен охочий із будь-якого куточку Черкащини мав нагоду взяти участь у цьому конкурсі, подавши свої творчі доробки у відділ сім'ї та молоді у своєму районному центрі чи місті. У 2012 році участь в обласному конкурсі взяли 93 юних поетів, 215 творів яких увійшли до цієї збірки представлені на розгляд професійному журі. Журі обрали по три переможця у кожній віковій категорії конкурсу.
650 ## - Додаткове предметне введення – тематичний термін
Джерело заголовка чи терміна UDC
Тематичний термін чи географічна назва, як елемент введення (НП) 821 Художня література окремими мовами і мовними сім'ями
700 1# - Додаткове введення – ім'я особи
Ім’я особи (НП) Шпак Я. Б.
Термін відношення відпов. за друк.
942 ## - Додаткові елементи входу (Коха)
Тип елемента Koha Книги
Source of classification or shelving scheme Universal Decimal Classification
955 ## - Код типу видання за змістом
Код типу видання за змістом (НП) Літературно-художні видання
Фонди
Стан вилучень Стан втрат Джерело класифікації або схеми стелажів Стан уражень Не для кредиту Код колекції Постійне місце розташування Поточне розміщення Дата придбання Джерело придбання Вартість, звичайна ціна покупки Усього замовленно Повний номер виклику Штрих-код Дата останнього перегляду Вартість, ціна заміни Ціна ефективна від Тип елемента Koha
    Universal Decimal Classification     Колекція Жулинського М.Г. ЧЗ - Читальна зала ЧЗ - Читальна зала 07/08/2020 №13/24.06.20 45.00   821.161.2 Т19 162648 06/02/2022 45.00 07/08/2020 Книги